Lebensgewohnheiten europäischer giftschlangen (Registro nro. 9301)

Detalles MARC
000 -CABECERA
Campo de control 004170000a22001570004500
090 ## - CLASIFICACIÓN LOCAL
Colección AR
Consecutivo 00201
041 0# - IDIOMA
Código de idioma para texto/pista de sonido o título separado
100 1# - ASIENTO PRINCIPAL--NOMBRE PERSONAL
Nombre personal Klemmer, Konrad
245 10 - MENCION DE TITULO
Título Lebensgewohnheiten europäischer giftschlangen
650 14 - ASIENTO SECUNDARIO DE MATERIA - TERMINO TEMATICO
Término temático o nombre geográfico como elemento de entrada Fauna
650 14 - ASIENTO SECUNDARIO DE MATERIA - TERMINO TEMATICO
Término temático o nombre geográfico como elemento de entrada Reptiles
650 14 - ASIENTO SECUNDARIO DE MATERIA - TERMINO TEMATICO
Término temático o nombre geográfico como elemento de entrada Herpetología
653 ## - TERMINO DE INDIZACION - NO CONTROLADO
-- Vipera
-- Vipera aspis
773 1# - Item fuente:
Título Die Gelben Hefte
Especificación de materiales 94
Paginas del Articulo 239-245
Lugar, editorial y fecha de publicación 1992?
942 ## - ELEMENTOS ADICIONALES (KOHA)
Tipo de ítem Artículo
Existencias
Withdrawn status Lost status Damaged status No para préstamo Colección Ubicación Permanente Ubicación actual Fecha de adquisición Fuente de Valor Datos de publicación Seriada Total Checkouts Número topográfico Inventario / Código de Barras Date last seen Ejemplar Price effective from Forma de adquisición Tipo de material
      No para Préstamo Hemeroteca Bogotá Bogotá 27/02/2015 Muñoz Saba, Yaneth Fuera de circulación   AR 00201 010440 25/03/2015 1 25/03/2015   Artículo